Statistics for Science IQ Test

Click here to take the quiz!

General Stats

  • This quiz has been taken 1,364 times
    (1,212 since last reset)
  • The average score is 14 of 41

Answer Stats

HintAnswer% Correct
What vitamin can you find in oranges that prevents ScurvyVitamin C
80%
What is the outer most layer of skin?Epidermis
75%
The smallest part of an atom with a negative charge that revolves around a nucleus?Electrons
72%
Inventor of relativity?Albert Einstein
68%
Species closest to humans.Chimpanzees
65%
What is distance divided by time with direction added?Velocity
60%
What is the "Powerhouse" of a cell that acts like a digestive system?Mitochondria
57%
What are fingernail made of?Keratin
56%
The electromagnetic wave that has the highest frequency and shortest wavelength?Gamma Rays
55%
A space of empty space in which mechanical waves can't travel through?A vacuum
54%
What is the layer of the Earth that is responsible for the movement of the tectonic plates?Mantle
54%
Remains found in rocks, usually found as seashells.Fossils
51%
What is the mold that was discovered by accident by Alexander Fleming?Penicillin
51%
A microscopic organism that can't reproduce without a host.Virus
51%
Layer of the Earth under the outer core?Inner core
47%
What scientist discovered radiation?Marie Curie
46%
What do you call an organism that is made up of more than one cell?Multicellular Organism
46%
What is this part an electrical circuit that slows down the electrons in an electrical current?Resistor
43%
Unit that represents the between the Sun and the Earth?Astronomical Unit
39%
What astronomer discovered heliocentrismNicolaus Copernicus
39%
What is the brightest star that we see from Earth?(apart from the sun)Sirius
33%
Messenger that sends instructions from DNA to help control the synthesis of proteins?RNA
32%
What are the VERY TINY particles that make up subatomic particles?Quarks
31%
Name one of the two famous spacecrafts known for blowing upColumbia and Challenger
29%
What is the biggest vein in the human body?Inferior Vena Cava
28%
What part of a plant distributes water and solutes from the roots to the leaves?Xylem
25%
What is the leaf-like part of the flower that protects the growing bud?Sepal
21%
What is the physical property that is the shininess of an object?Luster
20%
The property of a material that makes it flexibleDuctile
18%
The growth reaction in which a plant grows towards light?Phototropism
15%
Periodic element with a atomic number of 37Rubidium
13%
What are the "false feet" that are used to move amoebas?Pseudopods
10%
What is the area that includes the mantle that is below the lithosphere?(Not the mantle)Asthenosphere
8%
The study of rocks.Petrology
8%
What is one mole equal to on the atomic scale?6.02*10^23
7%
What is the circular movement in which something moves toward the centerCentripetal Force
7%
What is the formula to calculate density?D= m/v
6%
Who was the oldest astronaut to go into space?John Glenn
4%
What instrument do you use to find mass?Triple Beam Balance
4%
What happens when temperatures reach Absolute Zero?All molecules stop moving
3%
What is the plant growth response where plants grow toward things they touch?Thigmotropism
3%

Score Distribution

Percentile by Number Answered

Percent of People with Each Score

Your Score History

You have not taken this quiz since the last reset